Sociología /

Elementos básicos de sociología desarrollado por el autor en tres apartados: la primera parte analiza la relación sociedad y persona social, para profundizar después en los grupos y comunidades; la segunda, aborda el tema de la cultura después de plantear el papel de las pautas de conducta, roles e...

Full beskrivning

Sparad:
Bibliografiska uppgifter
Huvudupphov: Fichter, Joseph H. (autor)
Materialtyp: Bok
Språk:spanska
Utgiven: Barcelona, España : Herder, 1975, c1975
Upplaga:10a edición
Serie:(Ciencias Sociales ; 55)
Ämnen:
Taggar: Lägg till en tagg
Inga taggar, Lägg till första taggen!

MARC

LEADER 00000nam^a2200000^a^4500
001 000117904
005 20250521000000.0
009 20260310094222.574
037 |a Acervo ITESO - Biblioteca 
041 |a ESP 
082 |a 301.  |b FIC 
100 |a Fichter, Joseph H.  |e (autor) 
240 1 1 |a [Sociología] 
245 1 0 |a Sociología /  |c J.H. Fichter ; tr. por Alejandro Esteban Lator Ros. 
250 |a 10a edición  |b revisada 
264 4 |a Barcelona, España :  |b Herder,  |c 1975, c1975 
300 |a 454 p. 
336 |a texto  |b txt  |2 rdacontenido 
337 |a sin mediación  |b n  |2 rdamedio 
338 |a volumen  |b nc  |2 rdasoporte 
440 1 |a (Ciencias Sociales ;  |v 55) 
500 |a Traducción de: Sociology 
520 |a Elementos básicos de sociología desarrollado por el autor en tres apartados: la primera parte analiza la relación sociedad y persona social, para profundizar después en los grupos y comunidades; la segunda, aborda el tema de la cultura después de plantear el papel de las pautas de conducta, roles e instituciones; y la tercera, trata sobre la relación cultura y sociedad. 
649 |a XX 
650 |a Grupos Sociales 
650 |a Comunidad 
650 |a Sociedad 
650 |a Roles 
650 |a Comportamiento Social 
650 |a Control Social 
650 |a Cambios Sociales y Culturales 
650 |a Evolución Social 
650 |a Sociología de la Cultura 
650 |a Sociología -  |x Generalidades -  |x Tema Principal 
910 |a Fondo Salvador Reynoso Reynoso 
920 |a Impresos - Libros 
930 |a Fondos Especiales 
905 |a 112 
901 |a 0800004401  |b IT2  |c ESP  |u 20250521 
902 |a https://opac.biblio.iteso.mx/vufind/Record/000117904